[Event "Astrakhan FIDE GP"]
[Site "Astrakhan"]
[Date "2010.05.22"]
[Round "11"]
[White "Alekseev, Evgeny V"]
[Black "Svidler, Peter"]
[Result "1/2-1/2"]
[WhiteElo "2700"]
[BlackElo "2735"]
[Annotator "Marin,M"]
[PlyCount "43"]
[EventDate "2010.05.10"]
[EventType "tourn"]
[EventRounds "13"]
[EventCountry "RUS"]
[EventCategory "20"]
[SourceTitle "CBM 137"]
[Source "ChessBase"]
[SourceDate "2010.07.15"]
[SourceVersion "1"]
[SourceVersionDate "2010.07.15"]
[SourceQuality "1"]

1. e4 c5 2. Nf3 e6 ({The following classical game bears a strong similarity
with our game variation. The only difference is that Black has the extra tempo
...a6.} 2... d6 3. d4 cxd4 4. Nxd4 Nf6 5. Nc3 a6 6. Be2 e5 7. Nb3 Be7 8. O-O
O-O 9. Bg5 Be6 10. f4 exf4 11. Bxf4 Nc6 12. Kh1 Rc8 13. Qe1 Ne8 14. Rd1 Bh4 15.
Qd2 Bf6 16. Be3 Be5 17. Nd4 Nxd4 18. Bxd4 Nf6 {Pritchett,C (2410)-Portisch,L 
(2630)/La Valetta 1980/EXT 2000 (0-1, 25)}) 3. d4 cxd4 4. Nxd4 Nf6 5. Nc3 d6 6.
Be2 ({Refraining from the highly topical Keres Attack:} 6. g4) 6... Be7 7. O-O
O-O 8. f4 Nc6 9. Be3 e5 {Some 30 years ago, being a teen-ager yet, I had
noticed that this line was popularized by players like Kasparov, Tal and
Andersson. In Kasparov's and Nikitin's monography on the Scheweningen,
published in 1984, a different historical perspective is offered: this system
of development was the fruit of the joint efforts of Spassky and Bondarevsky.
In fact, as pointed out by Rainer Knaak, Spassky usually combined ...e5 with ..
.a5 (to meet a2-a4 with ...Nb4). The variation with ...e5 followed by ...exf4
was designed by the joint analysis of Rainer Knaak and Lothar Vogt in 1975.}
10. Nb3 ({One of the critical tests of the line is} 10. fxe5 dxe5 11. Nf5)
10... exf4 {Play now transposes to a Najdorf Sicilian, with the difference
that Black's queen rook's pawn is on a7 instead of a6. It should be mentioned,
though, that current theory considers that f2-f4 should not be played with the
black knight on b8 in the 6.Be2 e5 Najdorf, precisely because the line with ...
exf4 and ...Nc6 Black gets excellent play.} 11. Bxf4 ({The main alternative is
} 11. Rxf4 {, avoiding the loss of a tempo and keeping the e4-pawn defended.
Here are two games of the aforementioned promoters of the variation in the
'70s:} Be6 12. Nd5 (12. Nd4 Nxd4 13. Bxd4 Nd7 14. Kh1 Bg5 15. Rf1 Ne5 16. Qe1
a6 17. Rd1 Qe7 18. a4 Rac8 {Sznapik,A (2390)-Vogt,L (2480)/Cienfuegos 1976/EXT
2000 (1/2, 41)}) 12... Bxd5 13. exd5 Ne5 14. a4 Nfd7 15. Rb4 Bg5 16. Bf2 Qc7
17. a5 a6 18. Ra3 Rfe8 {Honfi,K-Knaak,R/Bucharest 1975/EXT 99 (1-0, 41)}) 11...
Be6 12. Qd2 d5 13. exd5 {More or less agreeing to a draw.} (13. e5 {is the
only chance to maintain the game complicated.}) 13... Nxd5 14. Nxd5 Qxd5 15.
Qxd5 Bxd5 16. Rfd1 Rfd8 17. c3 Rac8 18. Rd2 Be6 19. Rad1 Rxd2 20. Rxd2 f6 21.
Bd6 Rd8 22. Bxe7 1/2-1/2

[Event "Bundesliga 0809"]
[Site "Germany"]
[Date "2009.03.01"]
[Round "13.4"]
[White "Areshchenko, Alexander"]
[Black "Movsesian, Sergei"]
[Result "1-0"]
[WhiteElo "2664"]
[BlackElo "2732"]
[Annotator "Meyer,CD"]
[PlyCount "59"]
[EventDate "2008.10.03"]
[EventType "team-tourn"]
[EventRounds "15"]
[EventCountry "GER"]
[SourceTitle "CBM 128 Extra"]
[Source "ChessBase"]
[SourceDate "2009.03.05"]
[SourceVersion "2"]
[SourceVersionDate "2009.03.25"]
[SourceQuality "1"]
[WhiteTeam "Werder Bremen"]
[BlackTeam "Baden-Baden"]
[WhiteTeamCountry "GER"]
[BlackTeamCountry "GER"]

1. e4 c5 2. Nf3 d6 3. d4 cxd4 4. Nxd4 Nf6 5. Nc3 e6 6. Be2 Be7 7. O-O O-O 8.
Be3 Nc6 9. Kh1 Bd7 10. f4 Nxd4 11. Bxd4 Bc6 12. Bd3 d5 $6 ({Ein etwas frivoler
Vorstoß. Im sogenannten Modernen Scheveninger System (ohne ...a6) gilt seit
sehr langer Zeit schon der altbewährte Springerrückzug} 12... Nd7 $142 {
fast als "Bürgerpflicht": Er bereitet e6-e5 vor, um dem weißen Läufer die
Wirkung zu nehmen oder einen von ihnen mit Nd7-c5 abzutauschen (A. Nikitin).
In jedem Fall kommt Schwarz dem Ausgleich sehr nahe , z.B.} 13. Qe2 a6 (13...
Qc7 14. Rf3 Bf6 15. Bxf6 Nxf6 16. Raf1 Rfe8 17. Rg3 g6 18. Rh3 Qb6 19. Nd1 Rad8
20. b3 Qc5 21. Nf2 Kg7 22. e5 Nd7 23. Re3 Qd4 24. Be4 Bxe4 25. Nxe4 dxe5 26.
Rd3 Qb6 27. Nd6 Rf8 28. fxe5 Kg8 {1/2-1/2 Efimenko,Z (2599)-Grigoriants,S 
(2506)/Istanbul 2003/CBM 96}) (13... e5 14. Be3 exf4 15. Bxf4 Qc7 16. Nd5 Bxd5
17. exd5 Bf6 $11 {Kasparov}) 14. Rf3 (14. Rad1 b5 15. Rf3 e5 16. Be3 Bf6 17.
Nd5 Bxd5 18. exd5 Re8 19. fxe5 Nxe5 20. Rh3 g6 $11 {Kasparov}) 14... Bf6 15.
Bxf6 Qxf6 16. Raf1 Rae8 17. Rh3 g6 18. Qd2 Nc5 19. b4 Nxd3 20. Rxd3 Rd8 21. a4
b5 22. axb5 axb5 23. Rd1 Rc8 24. Rxd6 Ba8 25. Nd5 Bxd5 26. exd5 Rc4 27. dxe6 {
1/2-1/2 Heberla,B (2569)-Timofeev,A (2662)/Fuegen 2006/CBM 115}) 13. e5 Ne4 14.
Qe2 Nxc3 ({Areshchenko hält den Springertausch für einen groben Fehler ("??"),
aber die Chose scheint mir nicht so eindeutig zu sein. Interessante
Alternativen, z.B.: I} 14... Nc5 15. Rad1 (15. f5 Nxd3 16. Qxd3 exf5 17. Rxf5
Qd7 18. Raf1 $14) 15... Nxd3 16. Rxd3 g6 (16... b5 $2 17. Rh3 b4 (17... g6 18.
Nxb5 $16) 18. Qh5 h6 19. Rff3 $40 {/\Rfg3+-}) 17. Rh3 Re8 (17... a6 $2 18. Rff3
Re8 19. Rfg3 Bf8 20. Qh5 h6 21. f5) 18. f5 (18. Rff3 Bf8 19. Rfg3 Bg7) 18...
Bf8 (18... exf5 19. Rxf5) 19. fxg6 fxg6 $14) ({II} 14... Bb4 15. Rad1 Bxc3 16.
bxc3 Qe7 17. c4 (17. f5 $143 exf5 18. Rxf5 Rae8) 17... Nc5 18. cxd5 Bxd5 19. c4
Bc6 20. Bc2 $14) 15. bxc3 g6 $2 ({Erst nach dieser schablonenartigen Reaktion,
die einen weiteren Aufrollungspunkt bietet, entfaltet der weiße Bauernhebel 
(nach dem vorbereitenden g4) auf f5 die richtige Wirkung. Das geringere Übel
bestand in dem Rückzug} 15... Bd7 $5 {, um nach} 16. g4 {mit} f6 $5 {der
weißen Angriffsspitze die Wucht zu nehmen.} 17. Rae1 $14) 16. g4 $1 $16 {
-> Nun läuft die weiße Attacke wie geölt!} ({Auch sofortiges} 16. f5 $5 {
erscheint beachtenswert, z.B.} exf5 (16... gxf5 $2 17. g4 $1 f4 18. g5 $18) (
16... Re8 $2 17. fxe6 fxe6 18. Qg4 Bg5 19. Bxg6 $1 hxg6 20. Be3 $18) 17. Bxf5
Be8 (17... gxf5 18. Rxf5 Qc8 19. Raf1 Qe6 20. Rf6 Bxf6 21. Rxf6 Bd7 (21... Qd7
$4 22. e6) 22. h3 a6 (22... Qe7 $2 23. e6 $1 Qxe6 (23... Bxe6 24. Qe5 $18) (
23... fxe6 24. Qg4+ Qg7 25. Rxf8+ {nebst Matt}) 24. Rxe6 fxe6 25. Qg4+ Kf7 26.
Qg7+ Ke8 27. Bc5 $18) 23. Qh5 $16) 18. Qg4 b6 19. e6 f6 20. Rae1 Qc7 21. Re3
$40 {+/-}) 16... Re8 ({Allem Anschein nach steckt der Verteidiger so oder so
in großen Schwierigkeiten: I} 16... Ba3 17. Rab1 b6 18. Qf2 {/\f5}) ({II} 16...
Rc8 17. f5) ({III} 16... Bd7 17. f5) 17. f5 Bf8 (17... Bd7 18. Qf3) 18. Rf3 $1
Qh4 {Der Damenausfall kann das feindliche Vorgehen am Königsflügel auch nicht
stoppen, im Gegenteil, die Dame gerät dort entweder ins Gedränge oder sie
droht, - wie in der Partiefolge - gar abgeklemmt und gefangen zu werden. Oder:}
({I} 18... Qg5 19. Qg2 b6 20. Raf1) ({II} 18... Rc8 19. Raf1 Bg7 20. f6) 19.
Qg2 b5 (19... Ba3 20. Raf1) 20. Raf1 a5 ({Alternative Untergänge: I} 20... Qg5
21. Qg3 exf5 (21... Rac8 22. fxg6 fxg6 23. h4 Qe7 (23... Qh6 24. Rf7 Bg7 25. g5
Qh5 26. Qh2 Qg4 27. Be2 Qe4+ 28. Bf3 $18) 24. Qf2 (24. h5) 24... Bg7 25. Rf7
Qd8 26. h5 $18) (21... Qe7 22. Qh3 $18) 22. gxf5 Qxg3 23. Rxg3 Bg7 24. e6 $18
Bxd4 25. exf7+ Kxf7 26. fxg6+ Ke7 27. cxd4) ({II} 20... Bh6 21. fxe6 fxe6 22.
g5 $1 Qxg5 23. Rg3 Qh5 (23... Qd2 24. Rxg6+ $18 Kh8 25. Rf7 Qd1+ 26. Qg1) 24.
Rg1 {/\Rh3+-} (24. Bxg6 hxg6 25. Rxg6+ Kh8 26. Rff6 $18 Bc1 27. Rg3 Rg8 28. Rh3
)) 21. fxg6 $1 fxg6 (21... hxg6 22. Rxf7 $18) 22. g5 $1 $18 {Jetzt ist die
ausgesperrte Dame angesichts der Drohung Rh3 arg in Bedrängnis und es ist
interessant zu sehen, wie Areshchenko diesen Umstand weiter ausbeutet.} Be7 23.
Rf4 Qxg5 24. Qh3 $5 ({Kurzen Prozeß macht} 24. Rg4 $1 Qh5 (24... Qh6 25. Bxg6
Rf8 26. Bf7+ Kh8 27. Rg1 $18) 25. Rf3 {/\Rh3+-}) 24... Bf8 25. Rxf8+ $5 {
Nun führen schon viele Wege zum Ziel, so auch:} ({I} 25. Rf7 Bh6 (25... Bg7 26.
Rxg7+ Kxg7 27. Rf7+ Kxf7 28. Qxh7+ Kf8 29. Bxg6 $18) (25... Qh5 26. Rxf8+ $1
Rxf8 27. Qxe6+ Kg7 28. Qe7+ Kg8 29. e6 $1 Rxf1+ 30. Bxf1 Qf3+ 31. Kg1 Qf8 (
31... Qg4+ 32. Bg2 Qd1+ 33. Kf2 Rf8+ 34. Kg3) 32. Qc7 $18 Rc8 (32... h5 33.
Qxc6) 33. Qe5 $18)) ({II} 25. Rh4 Re7 (25... Qe7 26. Bxg6) 26. Rg1 $18) 25...
Rxf8 26. Qxe6+ Kg7 27. Rg1 Qh5 28. Qxc6 Qf3+ 29. Rg2 Rf4 30. Be2 1-0

[Event "Corus"]
[Site "Wijk aan Zee"]
[Date "2009.01.24"]
[Round "7"]
[White "Ivanchuk, Vassily"]
[Black "Movsesian, Sergei"]
[Result "0-1"]
[WhiteElo "2779"]
[BlackElo "2751"]
[Annotator "Movsesian,S"]
[PlyCount "70"]
[EventDate "2009.01.17"]
[EventType "tourn"]
[EventRounds "13"]
[EventCountry "NED"]
[EventCategory "19"]
[SourceTitle "CBM 129"]
[Source "ChessBase"]
[SourceDate "2009.03.25"]
[SourceVersion "1"]
[SourceVersionDate "2009.03.25"]
[SourceQuality "1"]

1. e4 c5 2. Nf3 d6 3. d4 cxd4 4. Nxd4 Nf6 5. Nc3 e6 6. f4 Nc6 7. Be3 Bd7 $5 ({
It was clear, that Ivanchuk had some improvement on our last game and I was
not very curious to see it:)} 7... a6 8. Qf3 Qa5 $5 9. Bd3 Nxd4 10. Bxd4 e5 11.
Be3 exf4 12. Bd2 $5 $13 {Ivanchuk-Movsesian,Nanjing 2008}) 8. Be2 ({Another
option is} 8. Qf3 Nxd4 9. Bxd4 Qa5) 8... Be7 9. Ndb5 Qb8 10. O-O O-O 11. a4 Rd8
12. Kh1 Nb4 13. Bf3 e5 $5 14. Qe2 Bc6 15. fxe5 (15. f5 {would be in Black's
favour after} a6 16. Na3 d5 $1) 15... dxe5 16. a5 b6 {It is time to do
something with the queenside.} (16... a6 17. Na3) 17. axb6 axb6 18. Rxa8 Bxa8
19. Na4 {Ivanchuk was already short of time, but still decided on risky play.}
({White could try to play on the kingside:} 19. g4 $5 h6 20. h4 Nh7 21. Qf2 $13
) 19... Bc6 20. c4 $6 ({White was probably not satisfied with} 20. Bxb6 Bxb5
21. Qxb5 Nxc2 22. Rc1 Rd2 $11) 20... Nxe4 21. Nxb6 f5 $1 {Now Black will
develop a strong initiative, as the white knights are misplaced.} 22. Nc3 Qb7
23. c5 Nd3 24. Bxe4 $6 {Trying to simplify the position in time-trouble, but
in fact just helping Black to increase the pressure.} ({Black would be only
somewhat better after} 24. Nxe4 Bxe4 25. Qc2 Bxf3 26. gxf3 Qc6 $15) 24... Bxe4
25. b4 Kh8 $1 26. Rb1 f4 27. Bg1 $2 ({White's only chance was} 27. Bxf4 exf4
28. Nxe4 Qxe4 29. Qxe4 Nf2+ 30. Kg1 Nxe4 31. Re1 Rd4 32. c6 Bd6 33. Na8 $1 Nf6
34. Rc1 Rxb4 35. c7 Bxc7 36. Nxc7) 27... Bg6 28. Nc4 e4 29. Na5 Qa8 30. c6 Bxb4
31. Nb7 f3 $1 $19 32. gxf3 exf3 33. Qxf3 Rf8 34. Qd5 Bxc3 35. c7 Nf4 0-1

[Event "EU-chT (Men) 14th"]
[Site "Plovdiv"]
[Date "2003.10.18"]
[Round "7.2"]
[White "Kallio, Heikki"]
[Black "Navara, David"]
[Result "0-1"]
[WhiteElo "2493"]
[BlackElo "2607"]
[Annotator "Mueller,Karsten"]
[PlyCount "88"]
[EventDate "2003.10.10"]
[EventType "team-swiss"]
[EventRounds "9"]
[EventCountry "BUL"]
[SourceTitle "CBM 098"]
[Source "ChessBase"]
[SourceDate "2004.02.03"]
[SourceVersion "1"]
[SourceVersionDate "2004.02.03"]
[SourceQuality "1"]
[WhiteTeam "Finland"]
[BlackTeam "Czech Republic"]
[WhiteTeamCountry "FIN"]
[BlackTeamCountry "CSR"]

1. e4 c5 2. Nf3 e6 3. d4 cxd4 4. Nxd4 Nc6 5. Nc3 a6 6. Be2 d6 7. Be3 Nf6 8. Qd2
Be7 9. O-O-O O-O 10. Kb1 Nxd4 11. Qxd4 b5 12. Bf3 $6 (12. e5 dxe5 13. Qxe5 Bd7
14. Bf3 Rc8 15. Bd4 Bc6 16. Ne4 Bxe4 17. Bxe4 Bd6 18. Qg5 h6 19. Bxf6 hxg5 20.
Bxd8 Rfxd8 21. c3 $11 {1/2-1/2 Malakhov,V-Navara,D/Rethymnon GRE 2003/The Week
in Chess 465 (50). (49)}) 12... Bb7 13. Bg5 Rc8 $15 14. e5 $2 {eine
Fehlkalkulation} Bxf3 15. exf6 gxf6 16. Bh6 Bxd1 17. Rxd1 Rc4 18. Qe3 f5 19. h3
Kh8 20. Bxf8 Qxf8 21. Qa7 d5 (21... Bf6 $2 22. Qxa6 (22. Ne2 $2 d5 23. Qxa6 $2
Bxb2 $19) 22... Bxc3 23. bxc3 $132) 22. Qxa6 b4 23. Ne2 Qb8 24. f4 $6 (24. Nc1
Qc7 (24... Qh2 $2 25. Qa7 $132) 25. Qa4 Kg7 26. Nd3 Bf6 27. g3 $15 {/-/+})
24... h5 25. b3 $2 {[%cal Gh8a1]} (25. g3 $142 $17) 25... Re4 26. Qd3 Qb6 27.
Qf3 Kg8 28. Rd3 (28. Qxh5 Qf2 29. Nc1 Qxf4 $17) 28... h4 29. g3 hxg3 30. Qxg3+
Kf8 31. Qg2 Bf6 32. Qf1 Ke7 (32... Qa7 $5 33. c3 Qa6 34. Qd1 bxc3 35. Qc2 Qd6
$19) 33. Ng3 Re3 34. Rxe3 $2 (34. Ne2 Rxd3 35. cxd3 Qe3 36. Kc2 $17 {war
ungleich zäher.}) 34... Qxe3 $19 35. Ne2 Qd2 36. Qf2 d4 {[%cal Gd4d3,Gf6a1]}
37. Qg2 d3 38. Qb7+ Kf8 39. Qc8+ Kg7 40. Nc1 Qxf4 41. cxd3 Qd4 42. Kc2 Qb2+ 43.
Kd1 Bc3 $1 44. Qxc3+ bxc3 0-1

[Event "St Petersburg-ch"]
[Site "St Petersburg"]
[Date "1997.03.13"]
[Round "8"]
[White "Yemelin, Vasily"]
[Black "Nepomnishay, Mikhail I"]
[Result "0-1"]
[WhiteElo "2500"]
[BlackElo "2465"]
[Annotator "Nor,I"]
[PlyCount "71"]
[EventDate "1997.03.04"]
[EventType "swiss"]
[EventRounds "9"]
[EventCountry "RUS"]
[SourceTitle "CBM 058"]
[Source "ChessBase"]
[SourceDate "1997.06.01"]
[SourceVersion "1"]
[SourceVersionDate "1997.06.01"]
[SourceQuality "1"]

1. e4 c5 2. Nf3 d6 3. d4 cxd4 4. Nxd4 Nf6 5. Nc3 a6 6. Be2 e5 7. Nb3 Be7 8. O-O
O-O 9. Kh1 Nc6 10. f4 a5 $5 $146 {A very interesting novelty.Maybe for the
clean chess this move is not so good,but there is no clean chess!Now the game
is coming in to the Boleslavsky variation with one tempi more for white,but
white should decide two things:how to use this tempi [especially when
Boleslavsky variation with Nb3 is known as not a very good one for white] and,
the most important,what to do in,maybe,not known situation.After 16 moves we
can say white didn't succeed in finding the answer.} (10... exf4 11. Bxf4 Be6
12. Qe1 Ne8 (12... Ng4 13. Bxg4 Bxg4 14. Qg3 Bh5 15. Nd5 Re8 16. Nxe7+ Qxe7 17.
Rac1 Qe6 18. Bxd6 Qc4 19. Nc5 Qxa2 20. b3 Bg6 $13 {Sutovskij-Gruenfeld,Y
Rishon-le-Zion 1994}) 13. Nd5 Bg5 {Ehlvest-Gurevich,I, Saint Martin 1993 ~~}) (
10... b5 11. Bf3 Na5 $6 12. Nxa5 Qxa5 13. fxe5 dxe5 14. Nd5 Nxd5 15. Qxd5 Qc7
16. Qxa8 Bb7 17. Qxf8+ Bxf8 18. Bg5 h6 19. Bh4 Be7 $2 20. Bxe7 Qxe7 21. c3 Qh4
22. Rae1 Bc6 23. Re2 Qe7 24. Rd1 Qc5 25. Rc1 Qd6 26. b3 Qd3 27. c4 bxc4 28.
bxc4 f5 29. Rce1 Qxc4 30. exf5 Bxf3 31. gxf3 Qd5 32. Kg2 Kf7 33. Rxe5 Qxa2+ 34.
Kg3 Qd2 35. h4 a5 36. Ra1 a4 37. Rxa4 Qd1 38. Ra2 Qg1+ 39. Rg2 Qd1 40. Re4 Qd3
41. Rge2 Qd1 42. Re7+ Kf8 43. Kg4 Qg1+ 44. Kh5 Qg3 45. R2e3 Qf4 46. Kg6 Qg3+
47. Kh7 Qf4 48. Re8+ Kf7 49. R8e7+ Kf8 50. f6 Qf5+ 51. Kh8 gxf6 52. Rg7 Qc5 53.
Rb3 Qe5 54. Rb8+ Qxb8 55. Rg8+ {1-0 Sutovskij,E-Colovic,A/WchJM-U18 Szeged 1994
}) 11. a4 Nb4 12. Be3 $6 $11 {There are some ideas for white:1.Wait for Be6
and play f5,after Bd7 play Bg5-this way the tempi is felt.But which move to
play?12.Bf3 Be6 13.f5 Bc4! or 12.Nd2 ef!I don't know.2.The same, with an idea
of g2-g4-g5 [instead of Bg5] But still the same problem-move to play! Maybe it
was what had white thought and at the end he decided that,for those ideas,
white is in "zugzwang",so he played 12.Be3 and now they are not good.Maybe he
was wright about this.But he was wrong about another idea-12.g4!} (12. Nd2 exf4
$1 $13 (12... Be6 $6 13. f5 Bd7 14. Nc4 Bc6 15. Bf3 Rc8 $140 16. Ne3 {With
idea g4})) (12. Rg1 Be6 $5 13. f5 Bd7 14. Bf3 Bc6 15. Qe2 Rc8 16. g4 d5 $1) (
12. g4 $1 exf4 $5 (12... Be6 $6 13. f5 Bd7 14. g5 Ne8 15. Rg1 $36) 13. Bxf4 Be6
14. g5 Nd7 15. Qd2 Ne5 16. Nd4 Bh3 (16... Nc4 $5 17. Qc1 $1 (17. Nxe6 $5 Nxd2
18. Nxd8 Nxf1 19. Nxb7 Rfb8 (19... Ne3 20. Bxe3 Rfb8 21. e5 $3 Nxc2 (21... dxe5
22. Rd1 Rxb7 23. Bf3 Rbb8 24. Bxa8 Nxc2 25. Nd5 Nxe3 26. Nxe7+ Kf8 27. Re1 Rxa8
28. Rxe3 Kxe7 29. Rxe5+ Kd6 30. Rb5 $14) 22. exd6 Nxa1 23. Bf3 $1 Bf8 (23...
Nc2 24. dxe7 Nxe3 25. Nd6 $16) 24. Bf4 Nc2 25. d7 Nd4 (25... Rxb7 26. Bxb7 Rd8
27. Bc8 $18) 26. Bxb8 Rxb8 27. d8=Q Rxd8 28. Nxd8 Nxf3 29. Nc6 Nxg5 30. Nxa5
Bb4 31. Nc6 Bxc3 32. bxc3 $16) 20. Nxd6 Bxd6 21. Bxd6 Rd8 22. Bxb4 axb4 23. Nd5
Nd2 24. Bd3 b3 $1 (24... Nf3 25. a5 Rdb8 26. a6 Ra7 27. b3 Nxg5 28. Ra4 $16)
25. a5 bxc2 26. Bxc2 Rdb8 27. b4 Nf3 $13) 17... Rc8 18. Nxe6 fxe6 19. Bg4 $1
Qd7 20. Nd5) 17. Rg1 $14 f6 $6 18. g6 $3 Nxg6 (18... hxg6 19. Bxe5 $1 dxe5 20.
Bc4+ Kh7 (20... Kh8 $2 21. Rxg6 Qd7 $140 22. Rh6+ gxh6 23. Qxh6#) 21. Qf2 g5 (
21... f5 22. Ne6) 22. Qf3 $1 Kg6 (22... g4 23. Rxg4) 23. Nf5 $1 Rh8 (23... Bxf5
24. exf5+) 24. Rg3 Nxc2 25. Rxh3 Rxh3 26. Qxh3 Nxa1 27. Ng3 $18) 19. Bc4+ Kh8
20. Be6 $1 Nxf4 (20... Nxc2 21. Qxc2 Nxf4 22. Bxh3 Nxh3 23. Qg2 Ng5 24. h4 $16)
21. Qxf4 Nxc2 22. Rxg7 $3 Kxg7 (22... Nxd4 23. Qh6 $18) 23. Rg1+ Kh8 24. Qh6
Rg8 25. Bxg8 Qxg8 26. Nxc2 Bg4 27. Qf4 h5 28. h3 $18) 12... Be6 13. Bb5 $5 {
After 12.Be3?! maybe the only chance to fight for something.} (13. Nd2 d5 $5
14. fxe5 d4 $5 15. exf6 Bxf6 16. Bxd4 Qxd4 17. Nf3 Qc5 $44) (13. f5 Bd7 14. g4
$6 Bc6 15. Bf3 d5 $1) (13. fxe5 dxe5 14. Nc5 $6 Qxd1 15. Bxd1 Bc4 16. Rf5 b6)
13... Qc7 $6 (13... d5 $6 14. fxe5 (14. f5 d4 15. fxe6 fxe6 (15... dxe3 16.
exf7+) 16. Bxd4 exd4 17. Nxd4 Qb6 18. e5 Rfd8 19. Nce2 (19. exf6 Bxf6 20. Rxf6
Rxd4 21. Qh5 gxf6 22. Be8 Kh8 23. Qf7 Rg4 24. Qxf6+ Rg7 25. Qf8+ Rg8 26. Qf6+
$11) 19... Ng4 20. Qd2 Nxe5 21. c3 Nd5 22. Rae1 $14)) (13... exf4 $1 14. Bxf4
d5 15. e5 Ne4 $132) 14. Nd2 $6 (14. f5 $142 Bc4 15. Bxc4 Qxc4 16. Bg5 Rfd8 17.
Nd2 Qc7 $13) 14... Rfd8 15. f5 Bd7 16. Rc1 {I can't see anything better.} (16.
Bxd7 $6 Nxd7 $13 (16... Rxd7 $13)) 16... d5 $1 $15 17. exd5 Nbxd5 18. Nxd5 Nxd5
19. Qe2 Bc6 $5 (19... Nxe3 $5 20. Qxe3 Bc5 21. Qe2 (21. Qc3 $6 Rac8) 21... f6
$15) 20. c3 h6 $6 {Doing nothing-getting nothing!} (20... Nxe3 $5 21. Qxe3 Bc5
22. Qe2 Bxb5 23. axb5 f6 $15) 21. Ne4 $132 Nf6 22. Nxf6+ Bxf6 23. Rcd1 Rxd1 24.
Rxd1 Rd8 25. Rxd8+ Bxd8 26. h3 Bd7 $6 27. Bxd7 Qxd7 28. Qd2 Qe8 29. Qd5 $14 {
In six moves players exchanged almost every pieces!Now let's see what will
white do with his advantage.} Bf6 30. b3 $6 {During next moves white,for some
reason,doesn't take on a5.I think he was instinctivly afraid of threats to his
king.But they were not serious.} (30. Qxa5 $142 Qd7 31. Qb5 Qd1+ 32. Bg1 Bh4 (
32... Bg5 33. Qxe5) 33. Qxe5 $1 (33. Kh2 Qe1 34. Qe8+ Kh7 35. Qxf7 Bg3+ 36. Kh1
Bf2 37. Qg6+ Kg8 38. Qe8+ Kh7 $11) 33... Bf2 34. Qh2 Kh7 35. g3 $1 (35. g4 Bxg1
36. Qxg1 Qd5+ 37. Qg2 Qd1+ 38. Kh2 Qd6+ 39. Kg1 Qd1+ 40. Kf2 Qd2+ 41. Kf3 Qd5+
42. Kg3 Qd6+ $11) 35... Bxg1 36. Qxg1 Qf3+ (36... Qxa4 37. Qf2 $16) 37. Qg2
Qxf5 38. Kh2 $16) 30... Qc8 $6 31. Qd3 $2 (31. Qxa5 $1 e4 (31... Qxf5 $2 32.
Qa8+ Kh7 33. Qxb7 Qd3 34. Bg1 $16) 32. c4 Qd7 33. Qd5 $16) 31... e4 $1 {
Now white's king is in serious danger.} 32. Qxe4 Qxc3 33. Qe8+ $2 $17 {This
move is loosing the game!White has too many weaknesses and his queen is too
far in order to protect them.} (33. Bb6 $1 Qxb3 34. Bxa5 (34. Qxb7 Bd8 $1 $19)
34... Qd1+ 35. Kh2 {And black is only better}) 33... Kh7 34. Bb6 $2 $19 (34.
Bf4 $142 Qxb3 $17) 34... Qa1+ 35. Kh2 Be5+ 36. g3 {After 36...Qe1 white has no
defense.} 0-1